000 00461nam a22001697a 4500
003 NUST - PNEC
005 20170116180925.0
008 150905b xxu||||| |||| 00| 0 eng d
020 _a0023041560
040 _cLIBRARY
082 _a621.3 IRW
100 _98002
_aIrwin, J. David
245 _aLaboratory manual : introduction to electrical engineering
_cJ. David Irwin
260 _cc.1995
650 _98004
_aElectrical engineering
_xEE
942 _2ddc
_cBK
999 _c65756
_d65756